000 00808nam a2200205 a 4500
001 21365
003 CO-ViMGA
008 141112s2004 ck r 000 u spa d
020 _a9681858263
040 _aCO-ViMGA
_bspa
_cCO-ViMGA
082 0 4 _a808.5 M854m
100 1 _aMunguía, Salvador
_930505
245 1 0 _aManual de Oratoria
260 _aMexico; Limusa,
_c2005
300 _a76
505 _aCicerón La elocuencia de cicerón 57 - - Teoría fundamental de la oratoria 11 - - Elaboración del discurso 29 - - Pronunciación del discurso 39 - - Los recursos : La perfección de la oratoria 45
590 _aForma de adquisición : Compra fact. 0863 - - Precio : 20000 - - Proveedor : Temas y libros - - Fecha de adquisición : Mayo 2007
650 1 4 _aORATORIA - MANUALES
_930506
942 _2ddc
_cBK
999 _c29984
_d29984